A tale of two cities (Record no. 9442)
[ view plain ]
| 000 -LEADER | |
|---|---|
| fixed length control field | 00260nam a22000977a 4500 |
| 008 - FIXED-LENGTH DATA ELEMENTS--GENERAL INFORMATION | |
| fixed length control field | 180131b ||||| |||| 00| 0 eng d |
| 020 ## - INTERNATIONAL STANDARD BOOK NUMBER | |
| International Standard Book Number | 9789354860546 |
| 100 ## - MAIN ENTRY--PERSONAL NAME | |
| Personal name | Dickens, C |
| 9 (RLIN) | 5658 |
| 245 ## - TITLE STATEMENT | |
| Title | A tale of two cities |
| 260 ## - PUBLICATION, DISTRIBUTION, ETC. (IMPRINT) | |
| Place of publication, distribution, etc. | England |
| Name of publisher, distributor, etc. | Pearson education lmtd |
| Date of publication, distribution, etc. | 2021 |
| Withdrawn status | Lost status | Source of classification or shelving scheme | Damaged status | Koha normalized classification for sorting | Not for loan | Home library | Current library | Shelving location | Date acquired | Total Checkouts | Full call number | Barcode | Date last seen | Date last checked out | Price effective from | Koha item type |
|---|---|---|---|---|---|---|---|---|---|---|---|---|---|---|---|---|
| Dewey Decimal Classification | DIC_823_000000000000000 | Good Samaritan School Library | Good Samaritan School Library | FICTION | 12/12/2023 | 3 | DIC823 | DIC17395 | 04/25/2025 | 04/24/2025 | 12/12/2023 | BOOK |